America and the world of our time ; United States diplomacy in the twentieth century.

Bibliographic Details
Main Author: Davids, Jules
Format: Book
Language:English
Published: New York : Random House, [1960]
Subjects:

MARC

Tag First Indicator Second Indicator Subfields
LEADER 00000cam a2200000 4500
001 in00000066448
005 20190402152922.0
008 721031s1960 nyu b 00000 eng u
010 |a  60005563  
035 |a (OCoLC)00480256 
035 |9 AAF9521AM 
040 |c WSU  |d TXA  |d UtOrBLW 
049 |a TXAM  |c [329622] 
050 0 |a E744  |b .D25 
092 |a 327.73  |b D256a 
100 1 |a Davids, Jules. 
245 1 0 |a America and the world of our time ;  |b United States diplomacy in the twentieth century. 
264 1 |a New York :  |b Random House,  |c [1960] 
300 |a 597 pages 
336 |a text  |b txt  |2 rdacontent 
337 |a unmediated  |b n  |2 rdamedia 
338 |a volume  |b nc  |2 rdacarrier 
504 |a Includes bibliography. 
651 0 |a United States  |x Foreign relations  |y 20th century. 
999 |a MARS 
999 f f |s 185697de-e12f-3846-a98f-650f0fb8befc  |i f47423fb-f8b3-392e-b985-da1ac02e7a08  |t 0 
952 f f |p ric  |a Texas A&M University  |b Rellis Campus  |c Joint Library Facility  |d Remote Storage  |t 0  |e E744 .D25  |h Library of Congress classification  |i unmediated -- volume  |m A14800677715 
998 f f |a E744 .D25  |t 0  |l Remote Storage